41 - Né(es) un 10 février - Statistiques

Statistiques générales
  • Ce quiz a été pris 9 fois
  • Le résultat moyen est 4 sur 11
Statistiques - réponses
Hint Année de naissance Réponse % Correct
Chanteuse canadienne. Connue pour ses titres "Tu trouveras", "Nos rendez-vous", "Alors on se raccroche", "Tant que c'est toi", "Mourir demain", "Un ange frappe à ma porte". 1981 Natasha Saint-Pierre|Natasha St-Pier
75%
Chanteur français. Connu pour les titres "Fontenay-aux-Roses", "Parachutiste", "San Francisco" ou "Mon frère". 1949 Bruno Le Forestier|Maxime Le Forestier
63%
Président de la République française de 1920 à 1924. 1859 Alexandre Millerand
50%
Dramaturge, metteur en scène, écrivain et poète allemand. Auteur de "L'Opéra de quat'sous", "La Vie de Galilée", "La Résistible Ascension d'Arturo Ui", "Le Cercle de craie caucasien", "Grand-peur et misère du IIIe Reich", "Mère Courage et ses enfants". 1898 Bertolt Brecht
38%
Actrice américaine. Révélée grâce aux film "Kick-Ass" et "Kick-Ass 2". Vue dans "Laisse-moi entrer", "Hugo Cabret", "Si je reste". 1997 Chloë Grace Moretz
38%
Nageur américain. A gagné sept médailles d’or lors des Jeux olympiques d'été de 1972 à Munich. 1950 Mark Andrew Spitz
38%
Actrice américaine. Joue dans la série "Allie Singer" de 2004 à 2007. Vue aussi dans " Valentine's Day", "Les Miller", "Scream 4", "Nerve". 1991 Emma Roberts
25%
Golfeur américain. Vainqueur de l'Open de France, en 1980. Surnommé "le grand requin blanc". Numéro un mondial pendant 331 semaines. 1955 Greg Norman
25%
Alpiniste français. Auteur de "Premier de cordée" (roman, 1941), "La Grande Crevasse" (roman, 1948), "Retour à la montagne" (roman, 1957)". 1906 Roger Joseph Fernand Frison-Roche
25%
Premier ministre du Royaume-Uni de 1957 à 1963. 1894 Harold Macmillan
13%
Physicien soviétique spécialiste de la physique de la matière condensée. Il donne son nom au "défaut de ____". 1894 Yakov Frenkel|Yakov Ilitch Frenkel
13%
Aucun quiz correspondant
Distribution des résultats
% des personnes avec chaque résultat
Percentile par nombre de réponses
Votre historique - résultats
Vous n’avez pas pris ce quiz